| 000 | 00722nam a2200217Ii 4500 | ||
|---|---|---|---|
| 003 | JO-AjNU | ||
| 008 | 230606s9999||||xx |||||||||||||| ||und|| | ||
| 020 | _a0-7494-5470-9/978-0-7494-5470-8 | ||
| 040 |
_aJO-AjNU _beng _erda _cJO-AjNU |
||
| 041 | _aeng | ||
| 050 | 1 | 4 | _aHF5635 2008 |
| 100 | 3 |
_aSteffan,Belinda, _eauthor _9339 |
|
| 245 | 0 | 0 | _aEssential Management Accounting: How to maximise profit and boost financial performance |
| 250 | _a1 ed | ||
| 264 | 3 | 1 | _aLondon: Kogan Page,2008 |
| 300 |
_a218p _bIncludes bibliographical references and indexes(P213-218) |
||
| 336 |
_atext _btxt _2rdacontent |
||
| 337 |
_aunmediated _bn _2rdamedia |
||
| 338 |
_avolume _bnc _2rdacarrier |
||
| 650 | 4 |
_aManagement Accounting _9340 |
|
| 999 |
_aE178 _c178 _d178 |
||